Mots de 2 lettres par définition - Statistiques

Statistiques générales
  • Ce quiz a été pris 251 fois
  • Le résultat moyen est 13 sur 15
Statistiques - réponses
Genre Définition Mot % Correct
Nom Masculin Carte à jouer marquée d'un seul point. As
98%
Nom Familier. Époux, épouse dont on est divorcé ; personne avec qui on a eu une relation amoureuse. Ex
95%
Nom Masculin Structure rigide, fortement minéralisée, constituant le squelette de l'homme et des vertébrés. Os
95%
Adjectif Numéral Cardinal Le premier des nombres entiers, pris comme base de tout calcul. Un
95%
Adjectif Qui est sans aucun vêtement. Nu
94%
Nom Masculin Invariable Réel transcendant noté π qui est le rapport de la circonférence d'un cercle à la longueur de son diamètre. Pi
94%
Nom Masculin Invariable Note de musique, troisième degré de la gamme d'ut. Mi
93%
Nom Masculin Métal d'un jaune brillant, dense, très ductile, inaltérable à l'air et à l'eau et qui a une très grande valeur commerciale. Or
93%
Pronom Personnel Forme atone du pronom personnel sujet du verbe à la deuxième personne du singulier. Tu
89%
Conjonction Indique une coordination dans les phrases où la négation intéresse le verbe. Ni
86%
Article Masculin Contraction de de le qui s'emploie devant une consonne ou un h aspiré. Du
74%
Nom Masculin Pluriel Avec les coutumes, les usages, les traditions d'un pays, d'un peuple, d'un milieu. Us
72%
Adjectif Invariable Familier. Qui est à la mode, dans le vent, dans le coup. In
71%
Nom Masculin Petit ruisseau. Ru
71%
Nom Masculin Arbre ou arbuste gymnosperme, à croissance très lente, à feuilles linéaires persistantes. If
65%
Aucun quiz correspondant
Distribution des résultats
% des personnes avec chaque résultat
Percentile par nombre de réponses
Votre historique - résultats
Vous n’avez pas pris ce quiz